000 00693nam a2200265Ia 4500
003 OSt
005 20221006155924.0
006 a|||||r|||| 00| 0
007 ta
008 221006b |||||||| |||| 00| 0 chi d
020 _cYu 0.87
024 _a43,850
037 _bGift,
_cTextual
040 _aEASL
_cEASL
_bchi
041 _2chi
_achi
082 _aO152,1J34:g, L9
100 _aJi Xian Lin
_9670985
245 0 _aLu Mo Yan Na (Ramayana) Chutan
260 _aBeijing
_bWaiguo Wenxue China
_c1979
300 _a152p.
_ccm.
490 _v CL
650 _aCL
_9642733
942 _hO152,1J34:g, L9
_cTEXL
_2CC
999 _c1111942
_d1111942